Quick frozen foods - 1981 Directory of Frozen Food Processors - Catalog
Đã lưu trong:
| 格式: | 图书 |
|---|---|
| 语言: | Undetermined |
| 出版: |
USA
1981
|
| 主题: | |
| 标签: |
添加标签
没有标签, 成为第一个标记此记录!
|
| Thư viện lưu trữ: | Trung tâm Học liệu Trường Đại học Cần Thơ |
|---|
| LEADER | 00434nam a2200157Ia 4500 | ||
|---|---|---|---|
| 001 | CTU_23459 | ||
| 008 | 210402s9999 xx 000 0 und d | ||
| 082 | |a 016.664 | ||
| 082 | |b Q6 | ||
| 245 | 0 | |a Quick frozen foods - 1981 Directory of Frozen Food Processors - Catalog | |
| 260 | |a USA | ||
| 260 | |c 1981 | ||
| 650 | |a frozen food | ||
| 650 | |x Bibliography | ||
| 904 | |i Truc | ||
| 980 | |a Trung tâm Học liệu Trường Đại học Cần Thơ | ||